Afghanistan 2014 : (Record no. 16116)

000 -LEADER
fixed length control field 00887nam a2200289 a 4500
001 - CONTROL NUMBER
control field ASIN9789699921
005 - DATE AND TIME OF LATEST TRANSACTION
control field 20170105102933.0
008 - FIXED-LENGTH DATA ELEMENTS--GENERAL INFORMATION
fixed length control field 150409s2013 xxu eng d
020 ## - INTERNATIONAL STANDARD BOOK NUMBER
International Standard Book Number 9789699921 (paperback)
Terms of availability $95.50
020 ## - INTERNATIONAL STANDARD BOOK NUMBER
International Standard Book Number 9789789699926 (paperback)
040 ## - CATALOGING SOURCE
Original cataloging agency 1
050 04 - LIBRARY OF CONGRESS CALL NUMBER
Classification number DS371.412
082 ## - DEWEY DECIMAL CLASSIFICATION NUMBER
Classification number 958.1 AFG
Author Mark 2013
100 1# - MAIN ENTRY--PERSONAL NAME
Personal name Sultan, Dr Maria.
245 00 - TITLE STATEMENT
Title Afghanistan 2014 :
Remainder of title the decision point /
Statement of responsibility, etc. Dr Maria Sultan.
260 ## - PUBLICATION, DISTRIBUTION, ETC.
Place of publication, distribution, etc. [S.l.] :
Name of publisher, distributor, etc. South Asian Strategic Stability Institute,
Date of publication, distribution, etc. 2013.
300 ## - PHYSICAL DESCRIPTION
Extent 1 v. (unpaged)
520 ## - SUMMARY, ETC.
Summary, etc. ...
650 #0 - SUBJECT ADDED ENTRY--TOPICAL TERM
Topical term or geographic name entry element Afghan War (2001-)
650 #0 - SUBJECT ADDED ENTRY--TOPICAL TERM
Topical term or geographic name entry element Afghanistan
650 #0 - SUBJECT ADDED ENTRY--TOPICAL TERM
Topical term or geographic name entry element Military policy
650 #0 - SUBJECT ADDED ENTRY--TOPICAL TERM
Topical term or geographic name entry element Relations
650 #0 - SUBJECT ADDED ENTRY--TOPICAL TERM
Topical term or geographic name entry element Strategic aspects of individual places
650 #0 - SUBJECT ADDED ENTRY--TOPICAL TERM
Topical term or geographic name entry element United States
856 40 - ELECTRONIC LOCATION AND ACCESS
Materials specified Amazon.com
Uniform Resource Identifier <a href="http://www.amazon.com/exec/obidos/ASIN/9789699921/chopaconline-20">http://www.amazon.com/exec/obidos/ASIN/9789699921/chopaconline-20</a>
942 ## - ADDED ENTRY ELEMENTS (KOHA)
Source of classification or shelving scheme
Koha item type Book
Holdings
Withdrawn status Lost status Damaged status Not for loan Collection code Permanent Location Current Location Shelving location Date acquired Total Checkouts Full call number Barcode Checked out Date last seen Date last checked out Price effective from Koha item type
          Centre for International Peace & Stability (CIPS) Centre for International Peace & Stability (CIPS) General Stacks 10/25/2013 1 958.1 AFG 2013 CIPSD0000012 03/25/2026 02/23/2026 02/23/2026 04/09/2015 Book
© 2023 Central Library, National University of Sciences and Technology. All Rights Reserved.